Statistics for African Songs

Click here to take the quiz!

General Stats

  • This quiz has been taken 22 times
  • The average score is 8 of 15

Answer Stats

ArtistSong% Correct
TotoAfrica
100%
Band AidDo They know It's {Christmas}
83%
Tight FitThe {Lion} Sleeps Tonight
83%
BanglesWalk Like An {Egyptian}
83%
The ClashRock The {Casbah}
72%
MadnessNight Boat To {Cairo}
56%
Crosby, Stills, and Nash{Marrakesh} Express
50%
Maria MuldaurMidnight At The {Oasis}
44%
Paul Simon{Diamonds} On The Soles Of Her Shoes
39%
Johnny WakelinIn {Zaire}
39%
Eddy GrantGimme Hope, {Jo'anna}
33%
Baltimora{Tarzan} Boy
33%
Greta Van Fleet{Safari} Song
28%
Billy JoelZ{anzibar}
28%
B.A. RobertsonKool In The {Kaftan}
22%

Score Distribution

Percentile by Number Answered

Percent of People with Each Score

Your Score History

You have not taken this quiz